Insurance Models - Statistics

General Stats
  • This quiz has been taken 4 times
  • The average score is 3 of 23
Answer Stats
Question Answer % Correct
Canada National Health Insurance/Tommy Douglas
100%
Americans without insurance Out of pocket
100%
Brazil Beveridge
33%
South Korea National Health Insurance/Tommy Douglas
33%
India Out of pocket
33%
Spain Beveridge
0%
American veterans Beveridge
0%
UK Beveridge
0%
New Zealand Beveridge
0%
Sweden Beveridge
0%
Cuba Beveridge
0%
Norway Beveridge
0%
Ukraine Beveridge
0%
Belgium Bismarck
0%
Switzerland Bismarck
0%
Japan Bismarck
0%
Germany Bismarck
0%
Netherlands Bismarck
0%
Argentina Bismarck
0%
Australia Bismarck
0%
Americans with employer provided insurance Bismarck
0%
Czech Republic Bismarck
0%
Americans with Medicare National Health Insurance/Tommy Douglas
0%
No matching quizzes found
Score Distribution
Percent of People with Each Score
Percentile by Number Answered
Your Score History
You have not taken this quiz